03115cam a2200325 a 450000100090000000300060000900500170001500800410003201500190007302000270009202000300011902000230014902000260017203505410019804001640073905000240090308200200092710000360094724500650098326400630104830000440111150400610115550504020121652010070161865000450262565000450267065300190271565500340273465500210276829388185OCoLC20210304172241.0931105s1995 enka b 001 0 eng  aGB95221952bnb a0521372453q(hardback) a9780521372459q(hardback) a0521378508q(pbk.) a9780521378505q(pbk.) a(OCoLC)29388185z(OCoLC)32202761z(OCoLC)422838463z(OCoLC)495472699z(OCoLC)810534346z(OCoLC)853648074z(OCoLC)855189789z(OCoLC)856975003z(OCoLC)857840312z(OCoLC)858934856z(OCoLC)859650457z(OCoLC)861544007z(OCoLC)862040588z(OCoLC)864281392z(OCoLC)866836813z(OCoLC)866993282z(OCoLC)871017543z(OCoLC)872341896z(OCoLC)874809482z(OCoLC)876109455z(OCoLC)877789141z(OCoLC)878299298z(OCoLC)881796688z(OCoLC)885142497z(OCoLC)889315911z(OCoLC)894133776z(OCoLC)895132896z(OCoLC)895247069z(OCoLC)896899769z(OCoLC)903345546 aDLCbengcDLCdOBEdUKMdJNAdGZMdBAKERdBTCTAdYDXCPdOCLCGdBMUdSBMdUBCdDEBBGdOCLCQdZWZdTULIBdBDXdIG#dOCLCOdOCLCFdNLEdOCLCOdOCLCQdOCLdUtOrBLW00aQC174.15b.S66 199500a530.12222bSGP1 aSquires, G. L.q(Gordon Leslie)10aProblems in quantum mechanics with solutions /cG.L. Squires 1aCambridge ;aNew York :bCambridge University Press,c1995 aix, 254 pages :billustrations ;c24 cm aIncludes bibliographical references (page 250) and index0 aNumerical values -- Fundamentals -- Schrodinger equation -- Orbital angular momentum, hydrogen atom, harmonic oscillator -- Matrices, spin, addition of angular momentum -- Approximation methods, Time-independent perturbation theory, variational method -- Identical particles, multielectron atoms -- Time, time- dependent perturbation theory, transitions -- Scattering, r reactions -- Miscellaneous aProblem solving in physics is not simply a test of understanding the subject, but is an integral part of learning it. In this book, the basic ideas and methods of quantum mechanics are illustrated by means of a carefully chosen set of problems, complete with detailed, step-by-step solutions. After a preliminary chapter on orders of magnitude, a variety of topics is covered, including the postulates of quantum mechanics. Schrodinger's equation, angular momentum, the hydrogen atom, the harmonic oscillator, spin, time-independent and time-dependent perturbation theory, the variational method, identical particles, multielectron atoms, transitions and scattering. Most of the chapters start with a summary of the relevant theory outlining the required background for a given group of problems. Considerable emphasis is placed on examples from atomic, solid-state and nuclear physics, particularly in the latter part of the book as the student's familiarity with the concepts and techniques increases 0aQuantum theoryvProblems, exercises, etc 4aQuantum theoryvProblems, exercises, etc0 aQuantum theory 7aProblems and exercises.2fast 4aAufgabensammlung